[Event "snow falling on cedars"]
[Site "SchemingMind.com"]
[Date "2009.11.11"]
[Round "-"]
[White "maro"]
[Black "lame wolf"]
[Result "1-0"]
[WhiteCountry "MEX"]
[BlackCountry "INT"]
[WhiteElo "1327"]
[WhiteRD "48"]
[BlackElo "1097"]
[BlackRD "53"]
[GameID "226226"]

1. d4 Nf6 2. c4 g6 3. Nc3 d5 4. c5 c6 5. e3 Bg7 6. Bd3 O-O 7. Nge2 Nbd7 8. O-O b6 9. b4 bxc5 10. bxc5 a5
11. e4 dxe4 12. Nxe4 Nxe4 13. Bxe4 Ba6 14. Bxc6 Bxe2 15. Qxe2 Ra7 16. Bf4 e6 17. Bd6 Re8 18. Rab1 Bxd4 19. Rfc1 Ne5 20. Bxe8 Qxe8
21. Rb8
1-0

[Event "snow falling on cedars"]
[Site "SchemingMind.com"]
[Date "2009.11.11"]
[Round "-"]
[White "lame wolf"]
[Black "maro"]
[Result "0-1"]
[WhiteCountry "INT"]
[BlackCountry "MEX"]
[WhiteElo "1097"]
[WhiteRD "53"]
[BlackElo "1327"]
[BlackRD "48"]
[GameID "226227"]

1. d4 Nf6 2. c4 g6 3. Nc3 d5 4. c5 c6 5. e3 Bh6 6. Bd3 O-O 7. Qe2 Be6 8. Nf3 Nbd7 9. O-O Qc7 10. Qc2 Bg4
11. Ne5 Nxe5 12. dxe5 Qxe5 13. Re1 d4 14. f4 Bxf4 15. g3 Bxe3+ 16. Bxe3 dxe3 17. b4 e2 18. Bxe2 Qe3+ 19. Kf1 Bh3#
0-1

[Event "snow falling on cedars"]
[Site "SchemingMind.com"]
[Date "2009.11.14"]
[Round "-"]
[White "saxondom"]
[Black "lame wolf"]
[Result "0-1"]
[WhiteCountry "HUN"]
[BlackCountry "INT"]
[WhiteElo "1173"]
[WhiteRD "86"]
[BlackElo "1055"]
[BlackRD "45"]
[GameID "226709"]

1. d4 Nf6 2. c4 g6 3. Nc3 d5 4. Nf3 Bg7 5. Qb3 e6 6. Bg5 O-O 7. e3 a6 8. Bd3 Qe7 9. O-O Nbd7 10. cxd5 b5
11. dxe6 Nb6 12. Bxf6 Bxf6 13. exf7+ Qxf7 14. Be4 Qxb3 15. Nd2 Qe6 16. d5 Qd7 17. Nb3 Ra7 18. Nc5 Qd6 19. b3 Bxc3 20. Rac1 Qxc5
21. Rfd1 Bf5
0-1

[Event "snow falling on cedars"]
[Site "SchemingMind.com"]
[Date "2009.11.15"]
[Round "-"]
[White "saxondom"]
[Black "maro"]
[Result "1-0"]
[WhiteCountry "HUN"]
[BlackCountry "MEX"]
[WhiteElo "1173"]
[WhiteRD "86"]
[BlackElo "1277"]
[BlackRD "51"]
[GameID "226710"]

1. d4 Nf6 2. c4 g6 3. Nc3 d5 4. cxd5 Nxd5 5. e4 Nxc3 6. bxc3 e6 7. Qa4+ Bd7 8. Bb5 c6 9. Bc4 c5 10. Qc2 cxd4
11. cxd4 Qa5+ 12. Bd2 Bb4 13. Ne2 Ba4 14. Bxb4 Qxb4+ 15. Qd2 Qxd2+ 16. Kxd2 O-O 17. Rab1 b6 18. d5 exd5 19. Bxd5 Nc6 20. Bxc6 Bxc6
21. f3 Rfd8+ 22. Ke3 Bb5 23. Rxb5 Rd6 24. a4 a6 25. Re5 a5 26. Nd4
1-0

[Event "snow falling on cedars"]
[Site "SchemingMind.com"]
[Date "2009.11.15"]
[Round "-"]
[White "lame wolf"]
[Black "saxondom"]
[Result "0-1"]
[WhiteCountry "INT"]
[BlackCountry "HUN"]
[WhiteElo "1055"]
[WhiteRD "45"]
[BlackElo "1173"]
[BlackRD "86"]
[GameID "226711"]

1. d4 Nf6 2. c4 g6 3. Nc3 d5 4. c5 Bg7 5. e3 b6 6. b4 Bg4 7. Be2 Qd7 8. f3 Nc6 9. fxg4 Nxb4 10. Qb3 Nxg4
11. Nf3 a5 12. Ne5 Nxe5 13. dxe5 O-O 14. O-O Bxe5 15. Bb2 c6 16. Rac1 b5 17. a4 d4 18. Ne4 Qc7 19. axb5 Bxh2+ 20. Kf2 Qe5
21. g3 Qxe4 22. Bf3 Nd3+ 23. Kg2 Nxc1 24. Rxc1 Qxe3 25. Qxe3 dxe3 26. bxc6 Bxg3 27. Kxg3 e5 28. Bxe5 f6 29. c7 Rac8 30. Bb7 fxe5
31. Bxc8 Rxc8 32. Kf3 Kg7 33. Kxe3 Rxc7 34. Ke4 Kf6
0-1

[Event "snow falling on cedars"]
[Site "SchemingMind.com"]
[Date "2009.11.16"]
[Round "-"]
[White "maro"]
[Black "saxondom"]
[Result "1-0"]
[WhiteCountry "MEX"]
[BlackCountry "HUN"]
[WhiteElo "1308"]
[WhiteRD "54"]
[BlackElo "1190"]
[BlackRD "88"]
[GameID "226712"]

1. d4 Nf6 2. c4 g6 3. Nc3 d5 4. c5 Bg7 5. Nf3 c6 6. e3 O-O 7. Bd3 e6 8. O-O Ng4 9. e4 b6 10. e5 f6
11. Bf4 Nd7 12. exf6 Qxf6 13. Be5 Ndxe5 14. dxe5 Nxe5 15. Nxe5 Qxe5 16. g3 d4 17. Re1 Qg5 18. f4 Qe7 19. Ne4 bxc5 20. Ng5 h6
21. Nxe6 Bxe6 22. Bxg6 Rfd8 23. Bf5 Qb7 24. Bxe6+ Kf8 25. Qg4 Qe7 26. Bc4 Qd7 27. Be6 Qe7 28. Bg8 Qf6 29. Re6 Re8 30. Rxf6+ Bxf6
31. Qg6 Bg7 32. Qf7#
1-0

[Event "snow falling on cedars"]
[Site "SchemingMind.com"]
[Date "2009.12.11"]
[Round "-"]
[White "Gary"]
[Black "lame wolf"]
[Result "1-0"]
[WhiteCountry "ENG"]
[BlackCountry "INT"]
[WhiteElo "1422"]
[WhiteRD "80"]
[BlackElo "1055"]
[BlackRD "45"]
[GameID "230547"]

1. d4 Nf6 2. c4 g6 3. Nc3 d5 4. cxd5 c6 5. Bg5 cxd5 6. g3 e6 7. Bg2 Bd7 8. e4 Bg7 9. e5 h6 10. Bxf6 Bxf6
11. exf6 Qxf6 12. Nf3 b6 13. O-O a6 14. Rc1 b5 15. a3 Qe7 16. b4 Qd8 17. Ne5 Qe7 18. Bxd5 Ra7 19. Re1 Qd6 20. Ng4 O-O
21. Bb3 Kg7 22. Qd2 Nc6 23. Qxh6+
1-0

[Event "snow falling on cedars"]
[Site "SchemingMind.com"]
[Date "2009.12.12"]
[Round "-"]
[White "Gary"]
[Black "saxondom"]
[Result "0-1"]
[WhiteCountry "ENG"]
[BlackCountry "HUN"]
[WhiteElo "1335"]
[WhiteRD "76"]
[BlackElo "1190"]
[BlackRD "88"]
[GameID "230548"]

1. d4 Nf6 2. c4 g6 3. Nc3 d5 4. Bg5 Ne4 5. Bf4 c6 6. Be5 f6 7. Bf4 e6 8. e3 Bb4 9. Rc1 e5 10. dxe5 Nxc3
11. bxc3 Ba3 12. Rb1 Bf5 13. Rxb7 dxc4 14. Qxd8+ Kxd8 15. exf6 Be6 16. Rxb8+ Rxb8 17. Bxb8 Kd7 18. Bxa7 Kd6 19. Nf3 Bb2 20. Bd4 c5
21. Be5+ Kd5 22. Kd2 Ra8
0-1

[Event "snow falling on cedars"]
[Site "SchemingMind.com"]
[Date "2009.12.12"]
[Round "-"]
[White "Gary"]
[Black "maro"]
[Result "0-1"]
[WhiteCountry "ENG"]
[BlackCountry "MEX"]
[WhiteElo "1196"]
[WhiteRD "61"]
[BlackElo "1297"]
[BlackRD "54"]
[GameID "230549"]

1. d4 Nf6 2. c4 g6 3. Nc3 d5 4. Nf3 dxc4 5. e4 Nc6 6. Bxc4 e6 7. O-O Bb4 8. Bg5 O-O 9. e5 Bxc3 10. Bxf6 Qd7
11. bxc3 Na5 12. Bd3 b6 13. Ng5 Bb7 14. Qg4 Bd5 15. Nxh7 Bxg2 16. Qf5 gxf5 17. Nxf8 Kxf8 18. Kxg2 Qd5+ 19. f3 Ke8 20. Rg1 Kd7
21. Kf2 c5
0-1

[Event "snow falling on cedars"]
[Site "SchemingMind.com"]
[Date "2009.12.11"]
[Round "-"]
[White "lame wolf"]
[Black "Gary"]
[Result "0-1"]
[WhiteCountry "INT"]
[BlackCountry "ENG"]
[WhiteElo "1055"]
[WhiteRD "45"]
[BlackElo "1422"]
[BlackRD "80"]
[GameID "230550"]

1. d4 Nf6 2. c4 g6 3. Nc3 d5 4. c5 c6 5. e3 Bg7 6. g3 O-O 7. Bd3 Nbd7 8. Bf1 e5 9. dxe5 Nxe5 10. b4 a5
11. Bg2 Bf5 12. Bb2 Nc4 13. Nge2 Nxb2 14. Qc2 Bxc2 15. Rc1 Nd3+ 16. Kd2 Nxc1 17. Kxc1 Bd3 18. Rd1 Bxe2 19. Nxe2 Qe8 20. a3 Qe5
21. f4 Qa1+ 22. Kd2 Qb2+
0-1

[Event "snow falling on cedars"]
[Site "SchemingMind.com"]
[Date "2009.12.12"]
[Round "-"]
[White "saxondom"]
[Black "Gary"]
[Result "1-0"]
[WhiteCountry "HUN"]
[BlackCountry "ENG"]
[WhiteElo "1237"]
[WhiteRD "84"]
[BlackElo "1196"]
[BlackRD "61"]
[GameID "230551"]

1. d4 Nf6 2. c4 g6 3. Nc3 d5 4. Nf3 c6 5. e3 Bg7 6. Ne5 O-O 7. Bd3 Nbd7 8. O-O Qc7 9. e4 dxe4 10. Bxe4 Nxe5
11. f4 Nxc4 12. Qe2 Nd6 13. h3 Rd8 14. g4 Nfxe4 15. Nxe4 Nxe4 16. Qxe4 Rxd4 17. Qf3 b5 18. Be3 Rd3 19. Rad1 Rxd1 20. Rxd1 Bxb2
21. Rd2 Bg7 22. Bd4
1-0

[Event "snow falling on cedars"]
[Site "SchemingMind.com"]
[Date "2009.12.12"]
[Round "-"]
[White "maro"]
[Black "Gary"]
[Result "0-1"]
[WhiteCountry "MEX"]
[BlackCountry "ENG"]
[WhiteElo "1277"]
[WhiteRD "51"]
[BlackElo "1422"]
[BlackRD "80"]
[GameID "230552"]

1. d4 Nf6 2. c4 g6 3. Nc3 d5 4. c5 Nc6 5. e3 Bg7 6. Nf3 O-O 7. Be2 Re8 8. O-O e5 9. dxe5 Nxe5 10. Nxe5 Rxe5
11. f4 Re8 12. Bf3 c6 13. Re1 Bf5 14. e4 Bxe4 15. Nxe4 dxe4 16. Bxe4 Qxd1 17. Rxd1 Nxe4 18. Re1 Nxc5 19. Rxe8+ Rxe8
0-1

[Event "snow falling on cedars"]
[Site "SchemingMind.com"]
[Date "2009.12.17"]
[Round "-"]
[White "Darnell"]
[Black "Gary"]
[Result "1-0"]
[WhiteCountry "CAN"]
[BlackCountry "ENG"]
[WhiteElo "1421"]
[WhiteRD "69"]
[BlackElo "1335"]
[BlackRD "76"]
[GameID "231330"]

1. d4 Nf6 2. c4 g6 3. Nc3 d5 4. Nf3 Bg7 5. Bf4 O-O 6. cxd5 Nxd5 7. Nxd5 Qxd5 8. Bxc7 Nc6 9. e3 Bg4 10. Be2 Rac8
11. Bg3 Nb4 12. O-O Rc2 13. a3 Rxe2 14. Qxe2 Nc6 15. Rfd1 Rc8 16. e4 Qd7 17. d5 Ne5 18. Bxe5 Bxe5 19. Nxe5
1-0

[Event "snow falling on cedars"]
[Site "SchemingMind.com"]
[Date "2009.12.17"]
[Round "-"]
[White "Darnell"]
[Black "lame wolf"]
[Result "1-0"]
[WhiteCountry "CAN"]
[BlackCountry "INT"]
[WhiteElo "1421"]
[WhiteRD "69"]
[BlackElo "1052"]
[BlackRD "44"]
[GameID "231331"]

1. d4 Nf6 2. c4 g6 3. Nc3 d5 4. Nf3 e6 5. Bg5 c5 6. e3 cxd4 7. exd4 Bb4 8. Qa4+ Qd7 9. Qxb4 Nc6 10. Qb3 b6
11. Bxf6 Rg8 12. cxd5 Na5 13. dxe6 Qxe6+ 14. Qxe6+ fxe6 15. Bb5+ Kf7 16. Be5 a6 17. Be2 Ra7 18. O-O b5 19. Ng5+ Ke7 20. Nxh7 Nc4
21. b4 Bb7 22. f4 Bd5 23. Nf6 Rg7 24. Nfxd5+ exd5 25. Bxg7 Kd6 26. Bf8+ Kc6 27. Bf3 Nd2 28. Bxd5+
1-0

[Event "snow falling on cedars"]
[Site "SchemingMind.com"]
[Date "2009.12.17"]
[Round "-"]
[White "Darnell"]
[Black "saxondom"]
[Result "1-0"]
[WhiteCountry "CAN"]
[BlackCountry "HUN"]
[WhiteElo "1469"]
[WhiteRD "63"]
[BlackElo "1237"]
[BlackRD "84"]
[GameID "231332"]

1. d4 Nf6 2. c4 g6 3. Nc3 d5 4. cxd5 Nxd5 5. e4 Nxc3 6. bxc3 Bg7 7. Rb1 O-O 8. f4 e6 9. Nf3 Bf6 10. Be3 b6
11. a4 Bh4+ 12. Bf2 Bxf2+ 13. Kxf2 Bd7 14. e5 c6 15. Be2 a6 16. Ra1 c5 17. Rf1 b5 18. axb5 a5 19. Kg1 Bc8 20. Ng5 Qd5
21. Bf3 Qd7 22. Bxa8 f6 23. Ne4 Qxb5 24. Rb1 fxe5 25. Rxb5 exf4 26. Rxb8 Kf7 27. Rxf4+ Ke7 28. Rxf8 Kxf8 29. Rxc8+
1-0

[Event "snow falling on cedars"]
[Site "SchemingMind.com"]
[Date "2009.12.19"]
[Round "-"]
[White "Darnell"]
[Black "maro"]
[Result "0-1"]
[WhiteCountry "CAN"]
[BlackCountry "MEX"]
[WhiteElo "1421"]
[WhiteRD "69"]
[BlackElo "1308"]
[BlackRD "54"]
[GameID "231333"]

1. d4 Nf6 2. c4 g6 3. Nc3 d5 4. Bf4 Nc6 5. e3 Bg7 6. cxd5 Nxd5 7. Nxd5 Qxd5 8. Bxc7 O-O 9. a3 Na5 10. Rc1 Nb3
11. Bc4 Qxg2
0-1

[Event "snow falling on cedars"]
[Site "SchemingMind.com"]
[Date "2009.12.17"]
[Round "-"]
[White "Gary"]
[Black "Darnell"]
[Result "1-0"]
[WhiteCountry "ENG"]
[BlackCountry "CAN"]
[WhiteElo "1335"]
[WhiteRD "76"]
[BlackElo "1421"]
[BlackRD "69"]
[GameID "231334"]

1. d4 Nf6 2. c4 g6 3. Nc3 d5 4. Bg5 Bg7 5. Nf3 a6 6. e3 Bg4 7. Bxf6 Bxf6 8. Nxd5 Bg7 9. Be2 e6 10. Nc3 O-O
11. O-O Qd7 12. Qb3 c6 13. Ne4 b5 14. Rac1 Rc8 15. Rfd1 Qe7 16. h3 Bf5 17. Ng3 Nd7 18. e4
1-0

[Event "snow falling on cedars"]
[Site "SchemingMind.com"]
[Date "2009.12.17"]
[Round "-"]
[White "lame wolf"]
[Black "Darnell"]
[Result "0-1"]
[WhiteCountry "INT"]
[BlackCountry "CAN"]
[WhiteElo "1052"]
[WhiteRD "44"]
[BlackElo "1421"]
[BlackRD "69"]
[GameID "231335"]

1. d4 Nf6 2. c4 g6 3. Nc3 d5 4. c5 Bg7 5. e3 O-O 6. Bd3 b6 7. cxb6 axb6 8. e4 dxe4 9. Bxe4 Nxe4 10. Be3 Bb7
11. Nxe4 Bxe4 12. Qg4 Qd5 13. f3 Bf5 14. Qf4 Na6 15. Ne2 Bd3 16. b3 c5 17. Nc1 Nb4 18. Kd2 Bf5 19. a3 Nc2 20. Nd3 Qxb3
21. Rhb1 Qxd3+ 22. Kc1 Nxa1 23. Rxa1 Qc2#
0-1

[Event "snow falling on cedars"]
[Site "SchemingMind.com"]
[Date "2009.12.17"]
[Round "-"]
[White "saxondom"]
[Black "Darnell"]
[Result "0-1"]
[WhiteCountry "HUN"]
[BlackCountry "CAN"]
[WhiteElo "1237"]
[WhiteRD "84"]
[BlackElo "1469"]
[BlackRD "63"]
[GameID "231336"]

1. d4 Nf6 2. c4 g6 3. Nc3 d5 4. e3 Bg7 5. Qa4+ Nc6 6. Bd3 dxc4 7. Bxc4 O-O 8. Nf3 Bd7 9. O-O Nxd4 10. Qb4 Nc2
11. Qb3 Nxa1 12. Qd1 Bf5 13. Ne5 e6 14. e4 Nxe4 15. Qxd8 Rfxd8 16. Nxe4 Bxe4 17. Ng4 Nc2 18. Bg5 Rd4 19. Bb3 Nb4 20. Be3 Bxg2
21. Kxg2 Rxg4+ 22. Kh3 Re4 23. f3 Rxe3 24. Kg2 Re2+ 25. Kh1 Rd8 26. Kg1 Rdd2 27. Bd1 Rg2+ 28. Kh1 Rxh2+
0-1

[Event "snow falling on cedars"]
[Site "SchemingMind.com"]
[Date "2009.12.17"]
[Round "-"]
[White "maro"]
[Black "Darnell"]
[Result "0-1"]
[WhiteCountry "MEX"]
[BlackCountry "CAN"]
[WhiteElo "1308"]
[WhiteRD "54"]
[BlackElo "1421"]
[BlackRD "69"]
[GameID "231337"]

1. d4 Nf6 2. c4 g6 3. Nc3 d5 4. c5 Bg7 5. Nf3 O-O 6. e3 Bf5 7. Be2 b6 8. cxb6 axb6 9. O-O c5 10. dxc5 bxc5
11. Bd3 Bxd3 12. Qxd3 c4 13. Qd2 Nc6 14. Nd4 Qb6 15. Nxc6 Qxc6 16. a3 Rab8 17. Re1 Ne4 18. Nxe4 dxe4 19. Qa5 c3 20. b4 Ra8
21. Qg5 c2 22. Qxe7 Bxa1
0-1

[Event "snow falling on cedars"]
[Site "SchemingMind.com"]
[Date "2010.01.04"]
[Round "-"]
[White "Manfred Kraut"]
[Black "Gary"]
[Result "1-0"]
[WhiteCountry "GER"]
[BlackCountry "ENG"]
[WhiteElo "1360"]
[WhiteRD "71"]
[BlackElo "1196"]
[BlackRD "61"]
[GameID "233365"]

1. d4 Nf6 2. c4 g6 3. Nc3 d5 4. c5 Nc6 5. e3 e5 6. Bb5 exd4 7. exd4 Bg7 8. Qe2+ Be6 9. Bg5 O-O 10. Nf3 Re8
11. O-O Bg4 12. h3 Rxe2 13. Nxe2 Bxf3 14. gxf3 Qe7 15. Nf4 Qd7 16. Rfe1 Re8 17. Bxf6 Bxf6 18. Rxe8+
1-0

[Event "snow falling on cedars"]
[Site "SchemingMind.com"]
[Date "2010.01.02"]
[Round "-"]
[White "Manfred Kraut"]
[Black "lame wolf"]
[Result "1-0"]
[WhiteCountry "GER"]
[BlackCountry "INT"]
[WhiteElo "1368"]
[WhiteRD "75"]
[BlackElo "1052"]
[BlackRD "44"]
[GameID "233366"]

1. d4 Nf6 2. c4 g6 3. Nc3 d5 4. c5 c6 5. Bg5 Bg7 6. Nf3 Bf5 7. e3 Be4 8. Be2 Nbd7 9. O-O b6 10. b4 O-O
11. Rb1 Bxb1 12. Qxb1 b5 13. Qa1 a5 14. bxa5 Qxa5 15. Rb1 b4 16. Nd1 b3 17. Rxb3 Qc7 18. Bf4 Qb7 19. Rxb7 Rfb8 20. Rxb8+ Rxb8
21. Bxb8 Nxb8 22. a4
1-0

[Event "snow falling on cedars"]
[Site "SchemingMind.com"]
[Date "2010.01.03"]
[Round "-"]
[White "Manfred Kraut"]
[Black "saxondom"]
[Result "1-0"]
[WhiteCountry "GER"]
[BlackCountry "HUN"]
[WhiteElo "1360"]
[WhiteRD "71"]
[BlackElo "1237"]
[BlackRD "84"]
[GameID "233367"]

1. d4 Nf6 2. c4 g6 3. Nc3 d5 4. c5 Bg7 5. e3 Bg4 6. Nf3 Nc6 7. Be2 Qd7 8. O-O O-O-O 9. a3 Kb8 10. Qb3 e6
11. h3 Na5 12. Qc2 Bf5 13. Qd2 Nc4 14. Bxc4 Ne4 15. Nxe4 Bxe4 16. Ne5 Bxe5 17. dxe5 Qa4 18. b3 Qc6 19. Bd3 Qxc5 20. b4 Qb6
21. f3 c5 22. Rb1 Bf5 23. g4 c4 24. Bxf5 Rc8 25. Bc2 c3 26. Qd4 Qxd4 27. exd4 Rhf8 28. Bh6 Rg8 29. Kg2 f5 30. exf6 Rge8
31. h4 e5 32. dxe5 Rxe5 33. Bf4 Re8 34. Bxe5+ Rxe5 35. f7
1-0

[Event "snow falling on cedars"]
[Site "SchemingMind.com"]
[Date "2010.01.07"]
[Round "-"]
[White "Manfred Kraut"]
[Black "maro"]
[Result "0-1"]
[WhiteCountry "GER"]
[BlackCountry "MEX"]
[WhiteElo "1360"]
[WhiteRD "71"]
[BlackElo "1297"]
[BlackRD "54"]
[GameID "233368"]

1. d4 Nf6 2. c4 g6 3. Nc3 d5 4. Bg5 dxc4 5. Qa4+ Bd7 6. Qxc4 Be6 7. Qd3 Bg7 8. Nf3 Bf5 9. Qb5+ Nbd7 10. Qxb7 O-O
11. Nd5 e6 12. Qxc7 Qxc7 13. Nxc7 Rab8 14. b3 Nd5 15. Nxd5 exd5 16. e3 h6 17. Be7 Rfe8 18. Bc5 a5 19. a4 Rxb3 20. Bb5 Rd8
21. O-O Bd3 22. Bxd3 Rxd3 23. Ne5 Nxc5 24. dxc5 Bxe5 25. f4 Bxa1 26. Rxa1 Rxe3 27. Rc1 d4 28. c6 d3 29. Kf2 d2 30. Rd1 Red3
31. c7 Rc8 32. Ke2 Rd7 33. Rxd2 Re7+ 34. Kf3 Rcxc7 35. Rd8+ Kg7 36. Ra8 Rc3+ 37. Kg4 f5+ 38. Kh4 Rc4 39. Rxa5 Rxf4+ 40. Kg3 g5
41. h3 Re3+ 42. Kh2 h5 43. Ra7+ Kf6 44. a5 h4 45. a6 g4 46. Rh7 g3+ 47. Kg1 Re1#
0-1

[Event "snow falling on cedars"]
[Site "SchemingMind.com"]
[Date "2010.01.05"]
[Round "-"]
[White "Manfred Kraut"]
[Black "Darnell"]
[Result "0-1"]
[WhiteCountry "GER"]
[BlackCountry "CAN"]
[WhiteElo "1360"]
[WhiteRD "71"]
[BlackElo "1469"]
[BlackRD "63"]
[GameID "233369"]

1. d4 Nf6 2. c4 g6 3. Nc3 d5 4. cxd5 Nxd5 5. e4 Nxc3 6. bxc3 Bg7 7. Bd3 c5 8. dxc5 Bxc3+ 9. Bd2 Qxd3 10. Qa4+ Bd7
11. Qd1 Qxe4+ 12. Ne2 Qxg2 13. Rg1 Bxd2+ 14. Qxd2 Qxh2 15. Rd1 Qc7 16. Qh6 Qe5 17. Kf1 Bb5 18. Qd2 O-O 19. f4 Bxe2+ 20. Qxe2 Qxf4+
21. Qf2 Qxf2+ 22. Kxf2 Rc8 23. Rc1 Nc6 24. Ke3 Rd8 25. Rg2 Rac8 26. Rh2 Nb4 27. Rch1 Nd5+ 28. Kf2 Nf6
0-1

[Event "snow falling on cedars"]
[Site "SchemingMind.com"]
[Date "2010.01.04"]
[Round "-"]
[White "Gary"]
[Black "Manfred Kraut"]
[Result "0-1"]
[WhiteCountry "ENG"]
[BlackCountry "GER"]
[WhiteElo "1335"]
[WhiteRD "76"]
[BlackElo "1368"]
[BlackRD "75"]
[GameID "233370"]

1. d4 Nf6 2. c4 g6 3. Nc3 d5 4. e3 Bg7 5. Nf3 O-O 6. b3 dxc4 7. Bxc4 a6 8. O-O b5 9. Bd3 Bb7 10. Bb2 Nbd7
11. Rc1 c5 12. dxc5 Nxc5 13. Be2 Qxd1 14. Rfxd1 Nce4 15. Nd4 Nxc3 16. Rxc3 Ne4 17. Rc7 Rab8
0-1

[Event "snow falling on cedars"]
[Site "SchemingMind.com"]
[Date "2010.01.02"]
[Round "-"]
[White "lame wolf"]
[Black "Manfred Kraut"]
[Result "1/2-1/2"]
[WhiteCountry "INT"]
[BlackCountry "GER"]
[WhiteElo "1052"]
[WhiteRD "44"]
[BlackElo "1368"]
[BlackRD "75"]
[GameID "233371"]

1. d4 Nf6 2. c4 g6 3. Nc3 d5 4. c5 Bg7 5. g3 O-O 6. b4 c6 7. a3 Bg4 8. Bg2 b6 9. Qd3 b5 10. a4 bxa4
11. Rxa4 Bf5 12. Qd1 Qc7 13. Bf4 Qb7 14. Qb3 a5 15. Nf3 Na6 16. O-O axb4 17. Rc1 Ne4 18. Nxe4 dxe4 19. Nd2 Ra7 20. Be3 Rfa8
21. Nc4 Qd7 22. Nb6 Qb7 23. Nc4 Nc7 24. Rxa7 Rxa7 25. Qb2 Be6 26. Nd2 Ra2 27. Qb1 Ra4 28. Nb3 Qa6 29. Bd2 Bxb3 30. Qxb3 Ra1
31. Rxa1 Qxa1+ 32. Bf1 Qxd4 33. Qxb4 Na6 34. Qxd4 Bxd4 35. e3 Bxc5 36. Bxa6 f5 37. f4 Kf7 38. Bc4+ e6 39. Kf2 Ke7 40. h3 Bb6
41. Bb4+ c5 42. Ba3 Kd6 43. g4 e5 44. gxf5 gxf5 45. fxe5+ Kxe5 46. h4 f4 47. exf4+ Kxf4 48. Bc1+ Kg4 49. Bd5 Kxh4 50. Bxe4 c4+
51. Ke2 h5 52. Kd2 Kg4 53. Bd5 h4 54. Bxc4 Kg3 55. Ke2 h3 56. Bd5 Bc7 57. Bh1 Bf4 58. Be3 Bxe3 59. Kxe3 Kh2 60. Kf2 Kxh1
61. Kf1=
1/2-1/2

[Event "snow falling on cedars"]
[Site "SchemingMind.com"]
[Date "2010.01.03"]
[Round "-"]
[White "saxondom"]
[Black "Manfred Kraut"]
[Result "0-1"]
[WhiteCountry "HUN"]
[BlackCountry "GER"]
[WhiteElo "1214"]
[WhiteRD "86"]
[BlackElo "1365"]
[BlackRD "72"]
[GameID "233372"]

1. d4 Nf6 2. c4 g6 3. Nc3 d5 4. Nf3 Bg7 5. Qb3 O-O 6. cxd5 Nxd5 7. e3 Be6 8. Bd3 b6 9. O-O Nd7 10. e4 Nf4
11. Qc2 a6 12. Bxf4 c5 13. Rfe1 Bxd4 14. Bh6 Re8 15. e5 Qc7 16. Be4 Rad8 17. Nd5 Qb8 18. Nxd4 cxd4 19. Bg5 Qxe5 20. Nxe7+ Rxe7
21. Bxe7 Re8 22. h3 Rxe7 23. Qc6 Nf6 24. Bf3 Qa5 25. Qa8+ Kg7 26. g4 g5 27. Rad1 Qxa2 28. Rxd4 Qxb2 29. Rd8 a5 30. Bd5 Nxd5
31. Rg8+ Kf6 32. Rd8 Nf4 33. Qh1 Ne2+ 34. Kf1 Bc4 35. Qc6+ Be6 36. Rxe2 Qb1+= 37. Kg2 Qb3 38. Qf3+ Qxf3+ 39. Kxf3 a4 40. Re1 Bd5+
41. Rxd5 Rxe1 42. Rd6+ Ke5 43. Rxb6 a3 44. Kg2 a2 45. Ra6 a1=Q 46. Rxa1 Rxa1 47. f3 Kf4 48. Kh2 Kxf3
0-1

[Event "snow falling on cedars"]
[Site "SchemingMind.com"]
[Date "2010.01.07"]
[Round "-"]
[White "maro"]
[Black "Manfred Kraut"]
[Result "1-0"]
[WhiteCountry "MEX"]
[BlackCountry "GER"]
[WhiteElo "1308"]
[WhiteRD "54"]
[BlackElo "1368"]
[BlackRD "75"]
[GameID "233373"]

1. d4 Nf6 2. c4 g6 3. Nc3 d5 4. c5 c6 5. Bf4 Bg7 6. Be5 O-O 7. Nf3 Qa5 8. e3 Ne4 9. Bxg7 Kxg7 10. Bd3 Nxc3
11. Qd2 Qc7 12. bxc3 b6 13. cxb6 axb6 14. O-O c5 15. dxc5 bxc5 16. c4 d4 17. Be4 Nc6 18. exd4 cxd4 19. Nxd4 Rd8 20. Nb5 Rxd2
21. Nxc7 Ra4 22. Bxc6 Rxc4 23. Rac1 Rxc1 24. Rxc1 Rxa2 25. Bd5 e6 26. Bxa2
1-0

[Event "snow falling on cedars"]
[Site "SchemingMind.com"]
[Date "2010.01.05"]
[Round "-"]
[White "Darnell"]
[Black "Manfred Kraut"]
[Result "1-0"]
[WhiteCountry "CAN"]
[BlackCountry "GER"]
[WhiteElo "1469"]
[WhiteRD "63"]
[BlackElo "1360"]
[BlackRD "71"]
[GameID "233374"]

1. d4 Nf6 2. c4 g6 3. Nc3 d5 4. cxd5 Nxd5 5. e4 Nxc3 6. bxc3 Bg7 7. Bc4 O-O 8. Rb1 c6 9. Nf3 b5 10. Bb3 Qa5
11. Qd3 Be6 12. O-O Bxb3 13. axb3 Nd7 14. Bf4 c5 15. Ra1 Qb6 16. d5 b4 17. Ra6 Qb7 18. Rc6 Rac8 19. Rxc8 Rxc8 20. c4 a5
21. Rb1 e5 22. Bc1 Ra8 23. Ra1 Nf6= 24. Ra4 Nh5 25. Bb2 f6 26. Bc1 Nf4 27. Qe3 Qd7 28. Qxc5 Nd3 29. Qe3 Nf4 30. Qb6 Ne2+
31. Kf1 Nxc1 32. Nd2 Bh6 33. Nf3 Nxb3 34. Qxf6 Nc5 35. Ra1 Nxe4 36. Qxe5 Bg7 37. Qxe4 Bxa1 38. d6 Re8 39. Qd5+ Kg7 40. Qxa5 Qxd6
41. Qxa1+ Kh6 42. Qc1+ g5 43. Qxg5#
1-0

[Event "snow falling on cedars"]
[Site "SchemingMind.com"]
[Date "2010.01.04"]
[Round "-"]
[White "meowmeowmeow999"]
[Black "Gary"]
[Result "1-0"]
[WhiteCountry "USA"]
[BlackCountry "ENG"]
[WhiteElo "1430"]
[WhiteRD "105"]
[BlackElo "1196"]
[BlackRD "61"]
[GameID "233380"]

1. d4 Nf6 2. c4 g6 3. Nc3 d5 4. cxd5 Nxd5 5. e4 Nxc3 6. bxc3 Bg7 7. Bc4 O-O 8. Ne2 c5 9. O-O Nc6 10. Be3 cxd4
11. cxd4 a6 12. e5 b5 13. Bb3 Bb7 14. Nf4
1-0

[Event "snow falling on cedars"]
[Site "SchemingMind.com"]
[Date "2010.01.03"]
[Round "-"]
[White "meowmeowmeow999"]
[Black "lame wolf"]
[Result "1-0"]
[WhiteCountry "USA"]
[BlackCountry "INT"]
[WhiteElo "1677"]
[WhiteRD "141"]
[BlackElo "1052"]
[BlackRD "44"]
[GameID "233381"]

1. d4 Nf6 2. c4 g6 3. Nc3 d5 4. Qb3 c6 5. g3 e6 6. Bg2 Bd7 7. Qxb7 Na6 8. Qxa6 Qb6 9. Qxb6 axb6 10. cxd5 cxd5
11. e4 Be7 12. exd5 exd5 13. Nxd5 Bd8 14. Nxf6+ Bxf6 15. Bxa8 Ke7 16. Bf3 Bxd4 17. Ne2 Bc5 18. O-O
1-0

[Event "snow falling on cedars"]
[Site "SchemingMind.com"]
[Date "2010.01.03"]
[Round "-"]
[White "meowmeowmeow999"]
[Black "Manfred Kraut"]
[Result "1-0"]
[WhiteCountry "USA"]
[BlackCountry "GER"]
[WhiteElo "1677"]
[WhiteRD "141"]
[BlackElo "1368"]
[BlackRD "75"]
[GameID "233382"]

1. d4 Nf6 2. c4 g6 3. Nc3 d5 4. Nf3 Bg7 5. Qb3 dxc4 6. Qxc4 Be6 7. Qb5+ Nc6 8. Qxb7 Na5 9. Qb5+ c6 10. Qa4 O-O
11. e4 Rb8 12. Ne5 Rb6 13. Qxa5 Qb8 14. Bd3 Rd8 15. Be3 Rxb2 16. Nxc6 Qb6 17. Qxb6 axb6 18. Nxd8 Ng4 19. Nxe6 Bh6 20. Nd1 Bxe3
21. fxe3 fxe6 22. Nxb2 Nxe3 23. Kf2 Ng4+ 24. Kf3
1-0